[Event "Belt and Road op 3rd"]
[Site "Qinhuangdao"]
[Date "2023.11.23"]
[Round "8"]
[White "Wei, Yuyang"]
[Black "Zhu, Jiner"]
[Result "0-1"]
[WhiteElo "2135"]
[BlackElo "2489"]
[PlyCount "120"]
[EventDate "2023.11.19"]
[EventType "swiss"]
[EventRounds "9"]
[EventCountry "CHN"]
[SourceTitle "CB48_2023"]
[SourceDate "2023.11.29"]
[SourceVersion "1"]
[SourceVersionDate "2023.11.29"]
[SourceQuality "1"]

1. d4 Nf6 2. Nf3 e6 3. c4 d5 4. g3 dxc4 5. Bg2 Bb4+ 6. Bd2 a5 7. Qc2 Bxd2+ 8. Qxd2 c6 9. Ne5 b5 10. Nxc6 Qc7 11. Nxb8 Rxb8 12. 0-0 0-0 13. b3 b4 14. bxc4 Qxc4 15. Rc1 Qa6 16. Rc6 Qa7 17. Qb2 Rd8 18. Nd2 Rxd4 19. Rac1 Rd8 20. Rc7 Qb6 21. R7c6 Qa7 22. Rc7 Qa6 23. Nc4 Bd7 24. Ne5 Qb6 25. g4 h6 26. h4 Be8 27. g5 hxg5 28. hxg5 Nd5 29. Bxd5 Rxd5 30. g6 f6 31. Nf7 Qd4 32. Qxd4 Rxd4 33. f3 Rd7 34. Rc8 Rxc8 35. Rxc8 Kf8 36. Ra8 a4 37. Rb8 Rd2 38. Kf2 Ke7 39. Rb7+ Bd7 40. Rxb4 Rxa2 41. Rb7 Rc2 42. Ra7 e5 43. Ke3 Rc3+ 44. Kd2 Rb3 45. Kc2 Rb4 46. Kc3 Rb1 47. Ra6 Rb3+ 48. Kd2 Rb2+ 49. Kd1 Rxe2 50. Nd6 Rf2 51. Ne4 Rxf3 52. Ra7 Rd3+ 53. Ke2 Rd5 54. Ng3 Ke6 55. Ra8 Bc6 56. Rg8 Rd7 57. Re8+ Kd5 58. Nf5 a3 59. Ne7+ Kd6 60. Nxc6 Kxc6 0-1

[Event "Belt and Road op 3rd"]
[Site "Qinhuangdao"]
[Date "2023.11.23"]
[Round "7"]
[White "Zhang, Xiao"]
[Black "Wei, Yuyang"]
[Result "0-1"]
[WhiteElo "2097"]
[BlackElo "2135"]
[PlyCount "70"]
[EventDate "2023.11.19"]
[EventType "swiss"]
[EventRounds "9"]
[EventCountry "CHN"]
[SourceTitle "CB48_2023"]
[SourceDate "2023.11.29"]
[SourceVersion "1"]
[SourceVersionDate "2023.11.29"]
[SourceQuality "1"]

1. d4 Nf6 2. c4 e6 3. Nf3 b6 4. g3 Ba6 5. Qc2 Bb4+ 6. Bd2 Bxd2+ 7. Nbxd2 d5 8. Bg2 0-0 9. 0-0 Nbd7 10. Rfd1 c5 11. dxc5 bxc5 12. e3 Rb8 13. Rab1 Qa5 14. cxd5 exd5 15. Re1 Rfe8 16. Bh3 g6 17. a3 Ne5 18. Nxe5 Rxe5 19. Nf3 Re4 20. Nd2 Ree8 21. Rec1 c4 22. Nf3 Bc8 23. Bxc8 Rexc8 24. Nd4 Ne4 25. Ne2 Nd2 26. b4 cxb3 27. Qxc8+ Rxc8 28. Rxc8+ Kg7 29. Rd1 Qa6 30. Rxd2 Qxc8 31. Rb2 Qc4 32. Kg2 a5 33. a4 Qe4+ 34. Kh3 Qxa4 35. Nd4 Qd7+ 0-1

[Event "Shenzhen zt 3.5"]
[Site "Shenzhen"]
[Date "2016.07.05"]
[Round "10"]
[White "Fan, Huifeng"]
[Black "Wei, Yuyang"]
[Result "1-0"]
[WhiteElo "2301"]
[BlackElo "2096"]
[PlyCount "117"]
[EventDate "2016.06.26"]
[EventType "swiss"]
[EventRounds "11"]
[EventCountry "CHN"]
[SourceTitle "CBM 173 Extra"]
[Source "ChessBase"]
[SourceDate "2016.08.29"]
[SourceVersion "1"]
[SourceVersionDate "2016.08.29"]
[SourceQuality "1"]

1. e4 c5 2. Nf3 e6 3. d4 cxd4 4. Nxd4 a6 5. Bd3 Bc5 6. Nb3 Be7 7. Qg4 g6 8. Qe2 d6 9. a4 Nd7 10. a5 Ne5 11. Be3 Nf6 12. Bb6 Qd7 13. f4 Nxd3+ 14. cxd3 e5 15. fxe5 dxe5 16. Nc3 Qe6 17. Nd2 0-0 18. Nc4 Bd7 19. 0-0 Bc6 20. Kh1 Nd7 21. Bf2 Bb4 22. Be1 Rad8 23. Ne3 Bxc3 24. bxc3 Nc5 25. Rd1 Ba4 26. Rd2 Nb3 27. Rc2 Nc5 28. Rd2 Nb3 29. Nd5 Nxd2 30. Nf6+ Kg7 31. Bxd2 h6 32. Qe3 Rh8 33. c4 Bc6 34. Qg3 Rd6 35. Bc3 Rd4 36. Bxd4 exd4 37. Qf2 Rd8 38. Nd5 Bxd5 39. cxd5 Qd7 40. Qxd4+ Kg8 41. Qb2 Rc8 42. Rc1 Rxc1+ 43. Qxc1 Qb5 44. Qc8+ Kh7 45. h3 Qxd3 46. Qc7 Qxe4 47. Qxf7+ Kh8 48. Qf6+ Kh7 49. d6 Qe1+ 50. Kh2 Qd2 51. Qf7+ Kh8 52. Qxg6 Qxa5 53. Qxh6+ Kg8 54. Qe6+ Kg7 55. h4 Qd8 56. Kh3 b5 57. h5 b4 58. h6+ Kh8 59. Qe5+ 1-0